Курс немецкого языка: учебное пособие для заочного обучения в технических вузах

Bibliographische Detailangaben
1. Verfasser: Канищева Е. Н.
Weitere Verfasser: Воскресенская Л. И. (редактор), Мочалова М. А., Турк И. В., Ульянов В. И., Мещерякова Т. М.
Zusammenfassung:Исключено из фонда НТБ ТПУ
Sprache:Russisch
Deutsch
Veröffentlicht: Москва, Высшая школа, 1964
Format: Buch
KOHA link:https://koha.lib.tpu.ru/cgi-bin/koha/opac-detail.pl?biblionumber=21598

MARC

LEADER 00000nam0a2200000 4500
001 21598
005 20231030193209.0
035 |a (RuTPU)RU\TPU\book\21802 
035 |a BOOK00006495 
090 |a 21598 
100 |a 20011209d1964 m y0rusy50 ca 
101 0 |a rus  |a ger 
102 |a RU 
105 |a y j 000zy 
200 1 |a Курс немецкого языка  |e учебное пособие для заочного обучения в технических вузах  |f Е. Н. Канищева [и др.]  |g под ред. Т. М. Мещеряковой 
210 |a Москва  |c Высшая школа  |d 1964 
215 |a 419 с. 
333 |a Исключено из фонда НТБ ТПУ 
700 1 |a Канищева  |b Е. Н. 
701 1 |a Воскресенская  |b Л. И. 
701 1 |a Мочалова  |b М. А. 
701 1 |a Турк  |b И. В. 
701 1 |a Ульянов  |b В. И. 
702 1 |a Мещерякова  |b Т. М.  |4 340 
801 0 |a RU  |b 63413507  |c 20011209  |g PSBO 
801 2 |a RU  |b 63413507  |c 20220603  |g PSBO 
942 |c BK